Ľ évolution de la rémunération des travailleurs peu qualifiés sur les marchés du travail européen

Vplyvy globalizácie na trh práce. Zvýšená konkurencia krajín s nízkou mzdou. Rozvoj informačných technológií. Oslabenie vplyvu inštitúcií - odborov. Úloha štátu. Minimálna mzda. Negatívna daň. Požiadavka celoživotného vzdelávania.

Uložené v:
Podrobná bibliografia
Hlavný autor: Přívarová, Magdaléna, 1955-
Médium: Kapitola
Jazyk:French
Predmet:
Tagy: Pridať tag
Žiadne tagy, Buďte prvý, kto otaguje tento záznam!

MARC

LEADER 00000naa$a2200000$$$4500
001 0104572
005 20240502072139.7
041 0 |a fre 
044 |a SK 
245 1 0 |a Ľ évolution de la rémunération des travailleurs peu qualifiés sur les marchés du travail européen  |c Magdaléna Přívarová 
520 |a Vplyvy globalizácie na trh práce. Zvýšená konkurencia krajín s nízkou mzdou. Rozvoj informačných technológií. Oslabenie vplyvu inštitúcií - odborov. Úloha štátu. Minimálna mzda. Negatívna daň. Požiadavka celoživotného vzdelávania. 
610 2 0 |a platy 
610 2 0 |a mzdy minimálne 
610 2 0 |a odmeňovanie 
610 2 0 |a zamestnanci 
610 2 0 |a trh práce 
610 2 0 |a globalizácia 
610 2 0 |a kvalifikácia 
610 2 0 |a sily pracovné 
610 2 0 |a odbory 
610 2 0 |a Európa 
100 1 |a Přívarová, Magdaléna, 1955-